000
00274nam a2200121Ia 4500
008
191201s2003 xx 000 0 und d
100
_a
JAIN, R P
245
0
_a
Modern Digital Electronics
260
_c
2003
_b
TMH
_a
N.Delhi
300
_a
611
650
_a
ECE
942
_2
ddc
_c
BB
999
_c
7297
_d
7297